000
00307nam a22001457a 4500
008
210607b ||||| |||| 00| 0 eng d
020
_a
08016009062
041
_a
eng
080
_2
4th
_a
61
082
_a
61
100
_a
3
101
_a
SHM
245
_a
Critical Care
_c
Zeb L. Burrell
942
_2
udc
_c
BK
999
_c
58003
_d
58003